Statistics for Alphabetical General Knowledge #1

Click here to take the quiz!

General Stats

  • This quiz has been taken 417 times
    (338 since last reset)
  • The average score is 15 of 26

Answer Stats

HintAnswer% Correct
F - in what country is ratatouille setFrance
86%
A - what is the fear of spidersArachnophobia
81%
L - what is the most common registered breed of dog in the ukLabrador
79%
Q - what band did Freddie mercury belong toQueen
79%
R - based upon land mass, what is the largest country in the worldRussia
79%
I - what country has islands such as Java and BaliIndonesia
78%
W - what country borders England that isn't scotlandWales
77%
E - what is the American way of saying the British word aubergineEggplant
76%
X - if you are a radiographer what do you look at for a livingX ray
76%
B - what cartoon bear sung bare necessitiesBaloo
71%
O - what is the only country in the world which starts with the letter OOman
70%
G - what mathematical area did Euclid write aboutGeometry
63%
H - what famous escapologist dies of a punch to the stomachHarry Houdini
63%
K - what is the last name of the American celebrity that stars on a show called Jimmy _____ liveKimmel
63%
S - what type of bird does the queen own all of in BritainSwan
60%
P - what is the Spanish word for the word fatherPadre
59%
M - what sea creature is often referred to as a sea cowManatee
54%
T - if you read this animal that has a shell backwards, you will get a roald dahl bookTortoise
54%
U - what is the national animal of ScotlandUnicorn
52%
V - what is the french word for the colour greenVert
50%
D - what is the capital of BangladeshDhaka
36%
J - what trousers/pants would you wear if were a horse jockeyJodhpur
32%
C - what actor played lord of the rings character sarumanChristopher Lee
26%
N - what is the smallest type of star ( about 12-13km) which can have a mass twice that of the sunNeutron star
25%
Z- other name for the place zakynthosZante
24%
Y - what element has the chemical symbol Y?Yttrium
22%

Score Distribution

Percentile by Number Answered

Percent of People with Each Score

Your Score History

You have not taken this quiz since the last reset